[Event "POL-chT Ekstraliga"]
[Site "Chotowa"]
[Date "2025.06.06"]
[Round "5.5"]
[White "Poltorak, Sebastian"]
[Black "Berkes, Ferenc"]
[Result "0-1"]
[WhiteElo "2410"]
[BlackElo "2613"]
[PlyCount "88"]
[EventDate "2025.06.02"]
[EventType "team-tourn"]
[EventRounds "9"]
[EventCountry "POL"]
[SourceTitle "CB24_2025"]
[SourceDate "2025.06.11"]
[SourceVersion "1"]
[SourceVersionDate "2025.06.11"]
[SourceQuality "1"]
[WhiteTeam "Dabrowa Gornicza Zaglebie"]
[BlackTeam "Raciborz Silesia"]
[WhiteTeamCountry "POL"]
[BlackTeamCountry "POL"]

1. e4 c6 2. Nc3 d5 3. Nf3 Bg4 4. h3 Bxf3 5. Qxf3 e6 6. Be2 Nf6 7. 0-0 Be7 8. d3 0-0 9. Qg3 Kh8 10. f4 c5 11. e5 Nfd7 12. Bg4 Nc6 13. Bd2 Nd4 14. Rac1 f5 15. exf6 Nxf6 16. Ne2 Nf5 17. Qf3 b5 18. Rce1 Qd7 19. c3 Rae8 20. Kh1 Bd6 21. b4 c4 22. Nd4 Nxd4 23. cxd4 Qf7 24. Qe2 Qg6 25. Bf3 cxd3 26. Qf2 Re7 27. Rc1 Rc7 28. Rxc7 Bxc7 29. Rc1 Bb6 30. Qe3 Ne4 31. Kg1 Bxd4 32. Qxd4 Nxd2 33. Kf2 h6 34. Rc7 Nxf3 35. gxf3 a6 36. a3 h5 37. Rc1 Qf5 38. Rc7 Rf6 39. Ke3 h4 40. Ra7 Qxf4+ 41. Qxf4 Rxf4 42. Rxa6 e5 43. Kxd3 Rxf3+ 44. Ke2 Rxh3 0-1

[Event "POL-chT Ekstraliga"]
[Site "Chotowa"]
[Date "2025.06.05"]
[Round "4.5"]
[White "Chylewski, Patryk"]
[Black "Poltorak, Sebastian"]
[Result "1/2-1/2"]
[WhiteElo "2313"]
[BlackElo "2410"]
[PlyCount "82"]
[EventDate "2025.06.02"]
[EventType "team-tourn"]
[EventRounds "9"]
[EventCountry "POL"]
[SourceTitle "CB24_2025"]
[SourceDate "2025.06.11"]
[SourceVersion "1"]
[SourceVersionDate "2025.06.11"]
[SourceQuality "1"]
[WhiteTeam "Chylice Laura"]
[BlackTeam "Dabrowa Gornicza Zaglebie"]
[WhiteTeamCountry "POL"]
[BlackTeamCountry "POL"]

1. c4 Nf6 2. Nf3 c5 3. Nc3 d5 4. cxd5 Nxd5 5. d4 Nxc3 6. bxc3 g6 7. e3 Qa5 8. Bd2 Bg7 9. Bd3 0-0 10. 0-0 Rd8 11. Qb3 Qc7 12. Ng5 e6 13. Rfd1 Nc6 14. Ne4 b6 15. Be1 Na5 16. Qa4 Bd7 17. Qc2 f5 18. Nd2 e5 19. dxe5 Bxe5 20. Nf3 Bf6 21. Rac1 Be6 22. c4 Nc6 23. Be2 Rxd1 24. Rxd1 Rd8 25. Rxd8+ Qxd8 26. Bc3 Kf7 27. Qb2 Bxc3 28. Qxc3 Qf6 29. Qxf6+ Kxf6 30. a3 Na5 31. Nd2 a6 32. f4 Ke7 33. Kf2 Bd7 34. e4 fxe4 35. Nxe4 Nb3 36. Nc3 Kd6 37. Ne4+ Ke7 38. Nc3 Bc6 39. g4 Nd4 40. Bd3 b5 41. cxb5 Nxb5 1/2-1/2

[Event "POL-chT Ekstraliga"]
[Site "Chotowa"]
[Date "2025.06.04"]
[Round "3.5"]
[White "Poltorak, Sebastian"]
[Black "Hnydiuk, Aleksander"]
[Result "1-0"]
[WhiteElo "2410"]
[BlackElo "2330"]
[PlyCount "113"]
[EventDate "2025.06.02"]
[EventType "team-tourn"]
[EventRounds "9"]
[EventCountry "POL"]
[SourceTitle "CB24_2025"]
[SourceDate "2025.06.11"]
[SourceVersion "1"]
[SourceVersionDate "2025.06.11"]
[SourceQuality "1"]
[WhiteTeam "Dabrowa Gornicza Zaglebie"]
[BlackTeam "Plock Hetman"]
[WhiteTeamCountry "POL"]
[BlackTeamCountry "POL"]

1. e4 e5 2. Nf3 Nf6 3. Nc3 Nc6 4. g3 d5 5. exd5 Nxd5 6. Bg2 Nxc3 7. bxc3 Bc5 8. 0-0 0-0 9. Re1 Bb6 10. d3 Re8 11. a4 Bg4 12. h3 Bh5 13. g4 Bg6 14. Ng5 h6 15. Ne4 f5 16. gxf5 Bxf5 17. Qh5 Rf8 18. Be3 Bxe3 19. Rxe3 Bh7 20. Rg3 Kh8 21. Nc5 Rf6 22. Re1 b6 23. Ne4 Re6 24. Qf7 Re7 25. Qf3 Re6 26. Qf7 Re7 27. Qc4 Na5 28. Qb4 c5 29. Qb5 Rc8 30. c4 Nc6 31. c3 Qc7 32. Rge3 Nd8 33. Ng3 Nf7 34. h4 Nd6 35. Qb3 Nf5 36. Nxf5 Bxf5 37. Bd5 Qd6 38. Qd1 Rf8 39. Qh5 Bg6 40. Qg4 Bf5 41. Qg3 Rfe8 42. d4 cxd4 43. cxd4 Qb4 44. dxe5 Qxa4 45. Qf3 Be6 46. Bc6 Qxc4 47. Bxe8 Rxe8 48. Re4 Qc5 49. Qe3 Qe7 50. Rd1 Bf5 51. Rf4 Bc8 52. Kh2 Bb7 53. Rg1 Qe6 54. Qg3 Qd7 55. h5 Bd5 56. Rd4 Re7 57. Rgd1 1-0

[Event "Berlin-ch"]
[Site "Berlin"]
[Date "2025.04.23"]
[Round "5"]
[White "Poltorak, Sebastian"]
[Black "Ermitsch, Magnus"]
[Result "1/2-1/2"]
[WhiteElo "2417"]
[BlackElo "2401"]
[PlyCount "216"]
[EventDate "2025.04.19"]
[EventType "swiss"]
[EventRounds "9"]
[EventCountry "GER"]
[SourceTitle "CB18_2025"]
[SourceDate "2025.04.30"]
[SourceVersion "1"]
[SourceVersionDate "2025.04.30"]
[SourceQuality "1"]

1. e4 c5 2. Nc3 e6 3. Nge2 Nc6 4. d4 cxd4 5. Nxd4 Qc7 6. Ncb5 Qb8 7. Bd3 Nf6 8. 0-0 Be7 9. Re1 0-0 10. Bg5 h6 11. Bh4 Ne5 12. Bg3 d6 13. Nf3 a6 14. Nbd4 Nxd3 15. Qxd3 Nh5 16. Bh4 Bxh4 17. Nxh4 b5 18. Rad1 Bb7 19. c3 Rd8 20. Nhf3 Qc7 21. Qe3 Nf6 22. Nd2 Rac8 23. a3 Qb6 24. Qg3 a5 25. b4 axb4 26. axb4 Rc7 27. Re3 Ra8 28. h3 Ra2 29. Kh2 Rxd2 30. Rxd2 Nxe4 31. Rxe4 Bxe4 32. Nxe6 fxe6 33. Rxd6 Qb7 34. Rxe6 Re7 35. Rxe7 Qxe7 36. Qb8+ Kh7 37. Qxb5 Qc7+ 38. Kg1 Qxc3 39. f3 Bd3 40. Qd5 Qc1+ 41. Kh2 Qc2 42. Kg1 Qb1+ 43. Kh2 Bf1 44. Qd2 Qf5 45. Kg1 Bb5 46. Qd4 Qc2 47. Qf4 Qd1+ 48. Kh2 Qd5 49. Kg1 g5 50. Qc7+ Kg6 51. Qb6+ Bc6 52. Qb8 h5 53. Kh2 h4 54. Qc7 Kf5 55. Qh7+ Kf4 56. Qc2 Ke5 57. Kh1 Kd6 58. Qf2 Kc7 59. Qa7+ Bb7 60. Qe3 Kc6 61. Qe8+ Kb6 62. Qe2 Bc6 63. Qf1 Qd6 64. Qc1 Qe5 65. Qc4 Qe3 66. Qf1 Qc3 67. Qb1 Qd2 68. Qg1+ Kb7 69. Qc5 Qd5 70. Qc2 Qe5 71. Qc4 Bb5 72. Qb3 Kc6 73. Qc2+ Kd6 74. Qc8 Bd7 75. Qc1 Qd5 76. Qa3 Bb5 77. Qa7 Ke5 78. Qe3+ Kf5 79. Qc1 Qc4 80. Qb2 Qe2 81. Qc3 Qe5 82. Qd2 Kg6 83. Qc2+ Kf6 84. Qc1 Qd4 85. Qe1 Ba4 86. b5 Bxb5 87. Qa5 Bc6 88. Qa2 Bd5 89. Qc2 Qa1+ 90. Kh2 Qe5+ 91. Kh1 Be6 92. Qc6 Kf5 93. Qc2+ Kf4 94. Kh2 Ke3+ 95. Kg1 Qd4 96. Kh2 Qe5+ 97. Kg1 Qd4 98. Kh2 Bd5 99. Kg1 Bc4 100. Kh2 Qe5+ 101. Kg1 Qd4 102. Kh2 Qc5 103. Qc3+ Kf2 104. Qc2+ Ke1 105. Qc1+ Ke2 106. Qc2+ Ke3 107. Qc3+ Kf4 108. Qf6+ Ke3 1/2-1/2

[Event "Berlin-ch"]
[Site "Berlin"]
[Date "2025.04.22"]
[Round "4"]
[White "Vavulin, Maksim"]
[Black "Poltorak, Sebastian"]
[Result "1-0"]
[WhiteElo "2527"]
[BlackElo "2417"]
[PlyCount "77"]
[EventDate "2025.04.19"]
[EventType "swiss"]
[EventRounds "9"]
[EventCountry "GER"]
[SourceTitle "CB18_2025"]
[SourceDate "2025.04.30"]
[SourceVersion "1"]
[SourceVersionDate "2025.04.30"]
[SourceQuality "1"]

1. e4 c6 2. d4 d5 3. Nc3 dxe4 4. Nxe4 Bf5 5. Ng3 Bg6 6. Nh3 Nd7 7. Nf4 e5 8. Nxg6 hxg6 9. Qe2 Qe7 10. Be3 Ngf6 11. 0-0-0 0-0-0 12. dxe5 Qxe5 13. Qc4 Bc5 14. Bf4 Qe6 15. Qxe6 fxe6 16. f3 Nd5 17. Bg5 Rdf8 18. h3 Nf4 19. Ne4 Be3+ 20. Kb1 Nc5 21. Nd6+ Kc7 22. Nc4 Rf5 23. Be7 Nd5 24. Rxd5 Rxd5 25. Nxe3 Re5 26. Bxc5 Rxc5 27. Bd3 g5 28. c4 Ra5 29. a3 Rd8 30. Kc2 b5 31. Kc3 bxc4 32. Bxc4 Rd6 33. Bd3 Rd8 34. Be4 Rb5 35. Nc4 c5 36. Re1 Rd4 37. Bc2 Rb8 38. Rxe6 Rbd8 39. Rg6 1-0

[Event "Berlin Federation IM"]
[Site "Berlin"]
[Date "2025.03.02"]
[Round "9"]
[White "Poltorak, Sebastian"]
[Black "Florstedt, Johannes"]
[Result "1/2-1/2"]
[WhiteElo "2407"]
[BlackElo "2349"]
[PlyCount "28"]
[EventDate "2025.02.24"]
[EventType "tourn"]
[EventRounds "9"]
[EventCountry "GER"]
[EventCategory "3"]
[SourceTitle "CB10_2025"]
[SourceDate "2025.03.05"]
[SourceVersion "1"]
[SourceVersionDate "2025.03.05"]
[SourceQuality "1"]

1. d4 Nf6 2. c4 g6 3. Nc3 d5 4. Nf3 Bg7 5. cxd5 Nxd5 6. e4 Nxc3 7. bxc3 c5 8. Be3 Qa5 9. Nd2 0-0 10. Nb3 Qxc3+ 11. Bd2 Qb2 12. Bc1 Qc3+ 13. Bd2 Qb2 14. Bc1 Qc3+ 1/2-1/2

[Event "Berlin Federation IM"]
[Site "Berlin"]
[Date "2025.02.26"]
[Round "4"]
[White "Poltorak, Sebastian"]
[Black "Yatskar, Martin"]
[Result "1-0"]
[WhiteElo "2407"]
[BlackElo "2157"]
[PlyCount "129"]
[EventDate "2025.02.24"]
[EventType "tourn"]
[EventRounds "9"]
[EventCountry "GER"]
[EventCategory "3"]
[SourceTitle "CB10_2025"]
[SourceDate "2025.03.05"]
[SourceVersion "1"]
[SourceVersionDate "2025.03.05"]
[SourceQuality "1"]

1. e4 e5 2. Nf3 Nc6 3. Nc3 Nf6 4. d4 exd4 5. Nd5 Bc5 6. Bg5 Be7 7. Bf4 d6 8. Nxd4 0-0 9. Nxc6 bxc6 10. Nxe7+ Qxe7 11. f3 Nxe4 12. Qe2 Re8 13. 0-0-0 Nc5 14. Qxe7 Rxe7 15. b4 Na4 16. Bd2 Be6 17. a3 Nb6 18. Re1 Rae8 19. Bd3 Bc4 20. Rxe7 Rxe7 21. Be4 Bd5 22. Bd3 g6 23. Bg5 Re8 24. Kd2 Bc4 25. Rc1 f5 26. Bh6 Kf7 27. g4 fxg4 28. fxg4 Ke6 29. Re1+ Kd7 30. Rf1 Be6 31. Rf4 Nd5 32. Rd4 Nf6 33. h3 Ng8 34. Be3 Nf6 35. c4 a5 36. Rf4 Ng8 37. bxa5 Ra8 38. g5 Rxa5 39. Rh4 Ne7 40. Rxh7 Kd8 41. Bd4 Nf5 42. Bf6+ Kc8 43. Rh8+ Kb7 44. Re8 Bf7 45. Rf8 Be6 46. Bc3 Rxa3 47. Rf6 Ra2+ 48. Kc1 Ng7 49. Rxg6 Bf5 50. Bxf5 Nxf5 51. Rf6 Ne3 52. g6 Rc2+ 53. Kb1 Rg2 54. h4 d5 55. h5 Rg1+ 56. Kb2 Nxc4+ 57. Kc2 c5 58. h6 d4 59. h7 Ne3+ 60. Kd3 dxc3 61. h8Q c2 62. Qe8 c4+ 63. Ke4 Rg4+ 64. Kf3 Rf4+ 65. Kxf4 1-0

[Event "Titled Tuesday intern op 11th Feb Early"]
[Site "Chess.com INT"]
[Date "2025.02.11"]
[Round "2"]
[White "Le, Quang Liem"]
[Black "Poltorak, Sebastian"]
[Result "1-0"]
[WhiteElo "2739"]
[BlackElo "2407"]
[PlyCount "79"]
[EventDate "2025.02.11"]
[EventType "swiss (blitz)"]
[EventRounds "11"]
[EventCountry "USA"]
[SourceTitle "CB09_2025"]
[SourceDate "2025.02.27"]
[SourceVersion "1"]
[SourceVersionDate "2025.02.27"]
[SourceQuality "1"]

1. Nf3 c5 2. c4 Nf6 3. Nc3 d5 4. cxd5 Nxd5 5. g3 Nc6 6. Bg2 Nc7 7. a3 g6 8. b4 cxb4 9. axb4 Bg7 10. Rb1 0-0 11. 0-0 Rb8 12. b5 Nd4 13. b6 axb6 14. Rxb6 Nd5 15. Nxd5 Qxd5 16. d3 Nxf3+ 17. Bxf3 Qa5 18. Qb3 Be6 19. Qb5 Qxb5 20. Rxb5 Bd7 21. Rxb7 Rxb7 22. Bxb7 Rb8 23. Bf3 Bh3 24. Rd1 Rb1 25. e3 e5 26. Ba3 Rb3 27. Bc5 Bf5 28. Be2 Bf8 29. Bxf8 Kxf8 30. g4 Rb2 31. Bf3 Be6 32. h4 Ke7 33. Kg2 Rb4 34. Kg3 h6 35. g5 hxg5 36. hxg5 Rb3 37. Be4 Kd6 38. Ra1 Rb6 39. Ra8 Bd5 40. Rd8+ 1-0

[Event "Titled Tuesday intern op 04th Feb Late"]
[Site "Chess.com INT"]
[Date "2025.02.04"]
[Round "3"]
[White "Barrionuevo, Pablo"]
[Black "Poltorak, Sebastian"]
[Result "0-1"]
[WhiteElo "2215"]
[BlackElo "2407"]
[PlyCount "58"]
[EventDate "2025.02.04"]
[EventType "swiss (blitz)"]
[EventRounds "11"]
[EventCountry "USA"]
[SourceTitle "CB07_2025"]
[SourceDate "2025.02.12"]
[SourceVersion "1"]
[SourceVersionDate "2025.02.12"]
[SourceQuality "1"]

1. d4 Nf6 2. Bg5 e6 3. e4 h6 4. Bxf6 Qxf6 5. c3 b6 6. Nd2 Bb7 7. Ngf3 d6 8. Bd3 Nd7 9. Qe2 g6 10. a4 a6 11. 0-0 Bg7 12. b4 0-0 13. c4 e5 14. d5 Qe7 15. Ne1 f5 16. f3 a5 17. bxa5 Rxa5 18. Nb3 Ra7 19. a5 Rfa8 20. Qd2 Nc5 21. Nxc5 dxc5 22. exf5 e4 23. Bxe4 Bxa1 24. fxg6 Bd4+ 25. Kh1 Kg7 26. Nc2 Rxa5 27. Nxd4 cxd4 28. Qxd4+ Qf6 29. Qd2 Ra1 0-1

[Event "Titled Tuesday intern op 04th Feb Late"]
[Site "Chess.com INT"]
[Date "2025.02.04"]
[Round "4"]
[White "Mesquita, Eduardo Barbosa"]
[Black "Poltorak, Sebastian"]
[Result "0-1"]
[WhiteElo "2014"]
[BlackElo "2407"]
[PlyCount "40"]
[EventDate "2025.02.04"]
[EventType "swiss (blitz)"]
[EventRounds "11"]
[EventCountry "USA"]
[SourceTitle "CB07_2025"]
[SourceDate "2025.02.12"]
[SourceVersion "1"]
[SourceVersionDate "2025.02.12"]
[SourceQuality "1"]

1. e4 c6 2. d4 d5 3. e5 c5 4. dxc5 e6 5. c4 Bxc5 6. cxd5 exd5 7. Nc3 Ne7 8. Nf3 Bf5 9. Bg5 0-0 10. Bxe7 Bxe7 11. Qxd5 Qb6 12. Qd4 Bc5 13. Qd2 Rd8 14. Qe2 Nc6 15. Rd1 Nb4 16. Rd2 Nd3+ 17. Kd1 Nxb2+ 18. Kc1 Nd3+ 19. Kd1 Nxf2+ 20. Ke1 Nxh1 0-1

[Event "Titled Tuesday intern op 04th Feb Late"]
[Site "Chess.com INT"]
[Date "2025.02.04"]
[Round "1"]
[White "Poltorak, Sebastian"]
[Black "Magallanes, Rey Jomar"]
[Result "1-0"]
[WhiteElo "2407"]
[BlackElo "2043"]
[PlyCount "83"]
[EventDate "2025.02.04"]
[EventType "swiss (blitz)"]
[EventRounds "11"]
[EventCountry "USA"]
[SourceTitle "CB07_2025"]
[SourceDate "2025.02.12"]
[SourceVersion "1"]
[SourceVersionDate "2025.02.12"]
[SourceQuality "1"]

1. e4 c5 2. Nc3 d6 3. g3 Nf6 4. Bg2 g6 5. Nge2 Bg7 6. 0-0 0-0 7. h3 Nc6 8. d3 e6 9. g4 d5 10. Ng3 d4 11. Nce2 e5 12. f4 Nd7 13. f5 g5 14. Nh5 f6 15. h4 h6 16. hxg5 hxg5 17. Kf2 Kf7 18. Rh1 Rh8 19. c3 Nb6 20. cxd4 cxd4 21. Qb3+ Kf8 22. Bd2 a5 23. Nxg7 Kxg7 24. Ng3 a4 25. Qb5 Bd7 26. Rxh8 Kxh8 27. Rh1+ Kg7 28. Nh5+ Kf7 29. Qc5 Be8 30. Nxf6 Qxf6 31. Qxb6 Rb8 32. Qc7+ Kg8 33. Bb4 Qf7 34. Qd6 Nxb4 35. Qxb8 Nxd3+ 36. Kg3 Nf4 37. Qxe5 Qg7 38. Qxe8+ Qf8 39. Rh8+ Kxh8 40. Qxf8+ Kh7 41. f6 d3 42. Qg7# 1-0

[Event "Titled Tuesday intern op 28th Jan Early"]
[Site "Chess.com INT"]
[Date "2025.01.28"]
[Round "3"]
[White "Khodzhamkuliev, Bahadur"]
[Black "Poltorak, Sebastian"]
[Result "0-1"]
[WhiteElo "2137"]
[BlackElo "2395"]
[PlyCount "148"]
[EventDate "2025.01.28"]
[EventType "swiss (blitz)"]
[EventRounds "11"]
[EventCountry "USA"]
[SourceTitle "CB06_2025"]
[SourceDate "2025.02.05"]
[SourceVersion "1"]
[SourceVersionDate "2025.02.05"]
[SourceQuality "1"]

1. Nf3 d5 2. c4 e6 3. d4 Nf6 4. Nc3 h6 5. cxd5 exd5 6. g3 Bd6 7. Bg2 0-0 8. 0-0 Nc6 9. Bf4 Re8 10. e3 a6 11. Rc1 Be6 12. Na4 Ne4 13. Bxd6 cxd6 14. Nd2 f5 15. f4 Qa5 16. Nxe4 dxe4 17. Nc3 Ne7 18. a3 Rac8 19. Qd2 b5 20. Nxe4 Qb6 21. Nf2 Bc4 22. Rfe1 Nc6 23. Nd3 Na5 24. Rcd1 Nb3 25. Qf2 a5 26. Nc1 b4 27. Nxb3 Bxb3 28. Rc1 bxa3 29. bxa3 Qb5 30. Qb2 a4 31. Rxc8 Rxc8 32. Rc1 Qb8 33. Rc3 Re8 34. Qc1 Qd8 35. Rc7 Rxe3 36. Rc8 Re1+ 37. Kf2 Rxc1 38. Rxd8+ Kf7 39. Rxd6 Ra1 40. Rd7+ Kf6 41. Rd6+ Ke7 42. Rg6 Rxa3 43. Rxg7+ Kd6 44. Ra7 Ra2+ 45. Kg1 Rd2 46. d5 Rd1+ 47. Kf2 Rd2+ 48. Kg1 Ra2 49. Ra6+ Kc5 50. d6 Rd2 51. h4 Rxd6 52. Ra5+ Kb4 53. Rxf5 a3 54. Rf8 a2 55. Rb8+ Kc3 56. Ra8 Rd1+ 57. Kh2 a1Q 58. Rxa1 Rxa1 59. Be4 Kd4 60. Bg6 Bd5 61. Kh3 Be4 62. h5 Ra5 63. Kg4 Ke3 64. Bf7 Bf5+ 65. Kh4 Kf3 66. Bg6 Rc5 67. Bf7 Rc1 68. Bd5+ Be4 69. Bxe4+ Kxe4 70. Kg4 Rc5 71. Kh4 Kf3 72. f5 Rxf5 73. g4 Rf4 74. Kh3 Rxg4 0-1

[Event "Titled Tuesday intern op 28th Jan Early"]
[Site "Chess.com INT"]
[Date "2025.01.28"]
[Round "2"]
[White "Martel Bruniaux, Malko"]
[Black "Poltorak, Sebastian"]
[Result "0-1"]
[WhiteElo "2187"]
[BlackElo "2395"]
[PlyCount "74"]
[EventDate "2025.01.28"]
[EventType "swiss (blitz)"]
[EventRounds "11"]
[EventCountry "USA"]
[SourceTitle "CB06_2025"]
[SourceDate "2025.02.05"]
[SourceVersion "1"]
[SourceVersionDate "2025.02.05"]
[SourceQuality "1"]

1. e4 c6 2. Nf3 d5 3. Nc3 dxe4 4. Nxe4 Nf6 5. Qe2 Nxe4 6. Qxe4 Nd7 7. Bc4 Nf6 8. Ne5 e6 9. Qe2 b5 10. Bb3 Qc7 11. a4 Bd6 12. d4 0-0 13. 0-0 a5 14. c3 Ba6 15. Re1 bxa4 16. Bc4 Bxc4 17. Qxc4 c5 18. Rxa4 Rfd8 19. Nf3 Nd5 20. dxc5 Bxc5 21. Qh4 Be7 22. Qh5 Nf6 23. Qh3 Rd3 24. Bf4 Qb7 25. Rd4 Rxd4 26. Nxd4 Ra6 27. b3 Nd5 28. Bd2 Bf6 29. c4 Bxd4 30. cxd5 Qxd5 31. Qg3 Ra8 32. h4 Bf6 33. Bg5 Bxg5 34. hxg5 Rc8 35. Re5 Qd1+ 36. Kh2 Qh5+ 37. Qh3 Qxh3+ 0-1

[Event "Titled Tuesday intern op 28th Jan Early"]
[Site "Chess.com INT"]
[Date "2025.01.28"]
[Round "6"]
[White "Poltorak, Sebastian"]
[Black "Bashirli, Saadat"]
[Result "1-0"]
[WhiteElo "2395"]
[BlackElo "1969"]
[PlyCount "147"]
[EventDate "2025.01.28"]
[EventType "swiss (blitz)"]
[EventRounds "11"]
[EventCountry "USA"]
[SourceTitle "CB06_2025"]
[SourceDate "2025.02.05"]
[SourceVersion "1"]
[SourceVersionDate "2025.02.05"]
[SourceQuality "1"]

1. c3 d5 2. Na3 Nf6 3. Nc2 c6 4. d4 Bf5 5. Bf4 e6 6. e3 Nbd7 7. Bd3 Bxd3 8. Qxd3 c5 9. Nf3 Be7 10. 0-0 0-0 11. Ne5 h6 12. Rad1 Rc8 13. Rfe1 c4 14. Qe2 Ne4 15. Nxd7 Qxd7 16. f3 Nd6 17. e4 dxe4 18. fxe4 Nb5 19. Ne3 Qc6 20. Ng4 f6 21. d5 Qb6+ 22. Be3 Bc5 23. dxe6 Qxe6 24. Bxc5 Rxc5 25. h3 Re8 26. Qf2 Rcc8 27. a4 Nd6 28. e5 fxe5 29. Rxe5 Qg6 30. Qf4 Rf8 31. Qe3 Nf7 32. Re6 Qc2 33. Rd7 Qxb2 34. Ree7 Qb6 35. Qxb6 axb6 36. Ne5 Rce8 37. Rxf7 Rxf7 38. Nxf7 Re3 39. Rxb7 Rxc3 40. Nd6 Ra3 41. Rb8+ Kh7 42. Nxc4 Rxa4 43. Nxb6 Ra1+ 44. Kh2 Rb1 45. Nd7 Rf1 46. Nf8+ Kg8 47. Ne6+ Kf7 48. Nd4 Rd1 49. Nf3 Rd6 50. Rb7+ Kg6 51. Rc7 Rb6 52. Rc6+ Rxc6 53. Ne5+ Kf6 54. Nxc6 g6 55. Kg3 Kf5 56. Kf3 g5 57. g3 h5 58. g4+ hxg4+ 59. hxg4+ Kf6 60. Ke4 Ke6 61. Nd4+ Kf6 62. Kd5 Kg6 63. Ke5 Kh6 64. Kf5 Kg7 65. Kxg5 Kh7 66. Kf5 Kg7 67. g5 Kh7 68. Kf6 Kh8 69. g6 Kg8 70. Nf5 Kh8 71. g7+ Kh7 72. Ne7 Kh6 73. g8Q Kh5 74. Qg5# 1-0

[Event "Titled Tuesday intern op 28th Jan Early"]
[Site "Chess.com INT"]
[Date "2025.01.28"]
[Round "1"]
[White "Poltorak, Sebastian"]
[Black "Nagare, Akhilesh"]
[Result "0-1"]
[WhiteElo "2395"]
[BlackElo "2211"]
[PlyCount "88"]
[EventDate "2025.01.28"]
[EventType "swiss (blitz)"]
[EventRounds "11"]
[EventCountry "USA"]
[SourceTitle "CB06_2025"]
[SourceDate "2025.02.05"]
[SourceVersion "1"]
[SourceVersionDate "2025.02.05"]
[SourceQuality "1"]

1. e4 c5 2. Nf3 Nc6 3. d4 cxd4 4. Nxd4 Nf6 5. Nc3 e6 6. Be2 Be7 7. Nxc6 bxc6 8. g4 d5 9. g5 Nd7 10. h4 Qb6 11. Qd3 d4 12. Nb1 Ne5 13. Qg3 Nd7 14. Nd2 Ba6 15. Bxa6 Qxa6 16. Nb3 e5 17. Qd3 Qb7 18. Bd2 c5 19. 0-0-0 Nb6 20. Qb5+ Qd7 21. Qxd7+ Kxd7 22. f4 f6 23. Rhf1 Rab8 24. fxe5 fxe5 25. Rf7 Ke6 26. Rxg7 c4 27. Na5 c3 28. Be1 cxb2+ 29. Kb1 Na4 30. Nc6 Rb7 31. h5 Rc7 32. Nb4 Rhc8 33. Nd5 Rxc2 34. Rxe7+ Kd6 35. Bb4+ Kc6 36. Kxc2 Kb5+ 37. Kb3 Rc1 38. Rb7+ Ka6 39. Rxc1 bxc1Q 40. Kxa4 Kxb7 41. g6 hxg6 42. hxg6 Qc2+ 43. Ka3 Qxe4 44. g7 Qxd5 0-1

[Event "Titled Tuesday intern op 14th Jan Early"]
[Site "Chess.com INT"]
[Date "2025.01.14"]
[Round "4"]
[White "Fiorito, Joaquin"]
[Black "Poltorak, Sebastian"]
[Result "1-0"]
[WhiteElo "2411"]
[BlackElo "2395"]
[PlyCount "85"]
[EventDate "2025.01.14"]
[EventType "swiss (blitz)"]
[EventRounds "11"]
[EventCountry "USA"]
[SourceTitle "CB04_2025"]
[SourceDate "2025.01.22"]
[SourceVersion "1"]
[SourceVersionDate "2025.01.22"]
[SourceQuality "1"]

1. Nf3 d5 2. g3 Nd7 3. d4 Nb6 4. Nc3 Bf5 5. Bg2 e6 6. Nh4 Bg6 7. Nxg6 hxg6 8. e4 c6 9. 0-0 Nf6 10. e5 Nfd7 11. Ne2 c5 12. c3 cxd4 13. cxd4 Rc8 14. Bd2 Nc4 15. Bc3 b5 16. b3 Ncb6 17. Qd2 Be7 18. Rac1 0-0 19. h4 Ba3 20. Rb1 Qe7 21. Nf4 b4 22. Bb2 Bxb2 23. Qxb2 Nb8 24. Nh3 Rc3 25. Qe2 Nc6 26. Rfd1 Rc8 27. Qg4 Rc2 28. h5 gxh5 29. Qxh5 f6 30. Nf4 fxe5 31. dxe5 Qf7 32. Qg5 Ne7 33. Bh3 R8c6 34. Bg4 Rxa2 35. Ra1 Rxa1 36. Rxa1 d4 37. Rxa7 Rc1+ 38. Kg2 Nbd5 39. Nxd5 Nxd5 40. Rxf7 Kxf7 41. Bh5+ Kg8 42. Bg6 Rc7 43. Qd8# 1-0

[Event "Titled Tuesday intern op 14th Jan Early"]
[Site "Chess.com INT"]
[Date "2025.01.14"]
[Round "5"]
[White "Poltorak, Sebastian"]
[Black "Ernst, Robert"]
[Result "1-0"]
[WhiteElo "2395"]
[BlackElo "2355"]
[PlyCount "81"]
[EventDate "2025.01.14"]
[EventType "swiss (blitz)"]
[EventRounds "11"]
[EventCountry "USA"]
[SourceTitle "CB04_2025"]
[SourceDate "2025.01.22"]
[SourceVersion "1"]
[SourceVersionDate "2025.01.22"]
[SourceQuality "1"]

1. e4 e5 2. Nf3 Nc6 3. Nc3 Nf6 4. d4 exd4 5. Nd5 Bc5 6. Bc4 Nxe4 7. Qe2 0-0 8. 0-0 Re8 9. Bf4 d6 10. Qd3 Bf5 11. Qd1 Qd7 12. a3 a5 13. h3 h6 14. c3 dxc3 15. bxc3 Ne7 16. Nxe7+ Rxe7 17. Qb3 c6 18. Rad1 d5 19. Bd3 Nf6 20. Ne5 Qc8 21. Rfe1 a4 22. Qc2 Bxd3 23. Nxd3 Bxa3 24. Ne5 Bd6 25. Ng6 Rxe1+ 26. Rxe1 Bxf4 27. Ne7+ Kh8 28. Nxc8 Rxc8 29. Qxa4 Bd2 30. Re7 Bxc3 31. Rxf7 b5 32. Qa7 Ne4 33. Qd7 Rg8 34. Qxc6 b4 35. Qxd5 Nf6 36. Qc4 Re8 37. g3 Kh7 38. Kg2 Kh8 39. Rc7 Kh7 40. Rc8 Re7 41. Qd3+ 1-0

[Event "Titled Tuesday intern op 14th Jan Early"]
[Site "Chess.com INT"]
[Date "2025.01.14"]
[Round "6"]
[White "Poltorak, Sebastian"]
[Black "Sachi, Jain"]
[Result "1-0"]
[WhiteElo "2395"]
[BlackElo "2036"]
[PlyCount "59"]
[EventDate "2025.01.14"]
[EventType "swiss (blitz)"]
[EventRounds "11"]
[EventCountry "USA"]
[SourceTitle "CB04_2025"]
[SourceDate "2025.01.22"]
[SourceVersion "1"]
[SourceVersionDate "2025.01.22"]
[SourceQuality "1"]

1. e4 e5 2. Nf3 Nc6 3. Bb5 a6 4. Ba4 Nf6 5. 0-0 Be7 6. d3 b5 7. Bb3 d6 8. a4 Bg4 9. Be3 Na5 10. Ba2 c5 11. axb5 axb5 12. Nc3 Bd7 13. Nd5 0-0 14. c3 Nc6 15. Nxf6+ Bxf6 16. Bd5 Rxa1 17. Qxa1 Qa8 18. Nd2 Qb7 19. Qa2 b4 20. Ra1 bxc3 21. bxc3 Rb8 22. Bxf7+ Kf8 23. Bd5 Qb2 24. Qxb2 Rxb2 25. Nc4 Rc2 26. Nxd6 Rxc3 27. Bc4 Nb4 28. Bxc5 Nxd3 29. Ra8+ Ke7 30. Nf5# 1-0

[Event "Titled Tuesday intern op 14th Jan Early"]
[Site "Chess.com INT"]
[Date "2025.01.14"]
[Round "1"]
[White "Srivatsan, Karthikeyan"]
[Black "Poltorak, Sebastian"]
[Result "0-1"]
[WhiteElo "1851"]
[BlackElo "2395"]
[PlyCount "64"]
[EventDate "2025.01.14"]
[EventType "swiss (blitz)"]
[EventRounds "11"]
[EventCountry "USA"]
[SourceTitle "CB04_2025"]
[SourceDate "2025.01.22"]
[SourceVersion "1"]
[SourceVersionDate "2025.01.22"]
[SourceQuality "1"]

1. e4 c6 2. d4 d5 3. e5 Bf5 4. Nd2 e6 5. Nb3 Nd7 6. Nf3 a6 7. Bd3 Ne7 8. 0-0 Bxd3 9. Qxd3 Nf5 10. c4 Be7 11. Bd2 dxc4 12. Qxc4 Nb6 13. Qd3 Nd5 14. a3 0-0 15. Rac1 Qd7 16. Rfd1 Rad8 17. Bg5 Bxg5 18. Nxg5 Nf4 19. Qe4 Qd5 20. Qxf4 Qxb3 21. g4 Ne7 22. Qe4 Ng6 23. h4 Qd5 24. Qc2 h6 25. h5 hxg5 26. hxg6 Qf3 27. Rd3 Qf4 28. Rg3 Rxd4 29. gxf7+ Rxf7 30. Qe2 Rd2 31. Qc4 Qxf2+ 32. Kh1 Qh2# 0-1